000 00722nam a2200205Ia 4500
003 GCL
008 140319s9999 xx 000 0 ara d
040 _aGCL /
_cGCL
082 0 4 _a621.381
_bف س
100 1 _aفاروق سيد حسين
245 1 0 _aداوئر انذار سرقة السيارات /
_cفاروق سيد حسين
260 _a[S.N] :
_bدار الراتب الجامعية ،
_c1993
490 _aسلسلة الكترونيات المستقبل
_v0
650 0 4 _aالسيارات
650 0 4 _aالهندسة الالكترونية
650 0 4 _aالاجهزة الالكترونية
650 0 4 _aالدوائر الالكترونية
650 0 4 _aالالكترونيات
942 _2ddc
_cBK
999 _c55461
_d55461